SBCSub/D/C (Record no. 110860)
[ view plain ]
| 000 -LEADER | |
|---|---|
| fixed length control field | 01452cam a22002775a 4500 |
| 001 - CONTROL NUMBER | |
| control field | E150412 |
| 008 - FIXED-LENGTH DATA ELEMENTS--GENERAL INFORMATION | |
| fixed length control field | 100709s2007 xxk 000 0 eng u |
| 020 ## - INTERNATIONAL STANDARD BOOK NUMBER | |
| International Standard Book Number | 97804188500800 |
| 035 ## - SYSTEM CONTROL NUMBER | |
| System control number | (Sirsi) u150412 |
| 041 0# - LANGUAGE CODE | |
| Language code of text/sound track or separate title | eng |
| 050 04 - LIBRARY OF CONGRESS CALL NUMBER | |
| Classification number | 692.8 $2 18 |
| 110 2# - MAIN ENTRY--CORPORATE NAME | |
| Corporate name or jurisdiction name as entry element | Joint Contracts Tribunal |
| 9 (RLIN) | 3664 |
| 240 00 - UNIFORM TITLE | |
| Uniform title | SBCSub/D/C 05 |
| 245 00 - TITLE STATEMENT | |
| Title | SBCSub/D/C |
| Remainder of title | standard building sub-contract with sub-contractor's design, conditions 2005, revision 1 2007 |
| 260 3# - PUBLICATION, DISTRIBUTION, ETC. | |
| Place of publication, distribution, etc. | London |
| Name of publisher, distributor, etc. | Sweet and Maxwell |
| Date of publication, distribution, etc. | 2007 |
| 300 ## - PHYSICAL DESCRIPTION | |
| Extent | iv, 74p |
| Dimensions | 30cm |
| 490 #0 - SERIES STATEMENT | |
| Series statement | JCT Standard Building Subcontract with Subcontractor's Design Conditions (2005 Edition) |
| 520 ## - SUMMARY, ETC. | |
| Summary, etc. | Subcontract for use where the JCT Standard Building Contract With Approximate Quantities (2005 Edition), JCT Standard Building Contract Without Quantities (2005 Edition) or JCT Building Contract With Quantities (2005 Edition) is the main contract, where the contractor is to design discrete parts of the main contract works and the subcontractor is to design all or part of the subcontract works. |
| 520 ## - SUMMARY, ETC. | |
| Summary, etc. | Incorporates Amendment 1, April 2007 |
| 650 24 - SUBJECT ADDED ENTRY--TOPICAL TERM | |
| Topical term or geographic name entry element | JCT STANDARD BUILDING SUBCONTRACT WITH SUBCONTRACTOR'S DESIGN CONDITIONS (2005 EDITION) |
| 650 24 - SUBJECT ADDED ENTRY--TOPICAL TERM | |
| Topical term or geographic name entry element | JCT STANDARD BUILDING SUBCONTRACT (2005 EDITION) |
| 651 #4 - SUBJECT ADDED ENTRY--GEOGRAPHIC NAME | |
| Geographic name | United Kingdom |
| Chronological subdivision | |
| 690 ## - LOCAL SUBJECT ADDED ENTRY--TOPICAL TERM (OCLC, RLIN) | |
| Topical term or geographic name as entry element | BUILT ENVIRONMENT-BUILDING CONTRACT FORMS-STANDARD FORMS OF BUILDING CONTRACT-JOINT CONTRACTS TRIBUNAL CONTRACTS |
| 942 ## - ADDED ENTRY ELEMENTS (KOHA) | |
| Suppress in OPAC | 0 |
| Withdrawn status | Lost status | Source of classification or shelving scheme | Damaged status | Not for loan | Home library | Current library | Shelving location | Date acquired | Total Checkouts | Full call number | Barcode | Date last seen | Copy number | Price effective from | Koha item type |
|---|---|---|---|---|---|---|---|---|---|---|---|---|---|---|---|
| Dewey Decimal Classification | London | London | Boxed set | 09/07/2010 | JCT 2007/2 | 30075578 | 06/08/2019 | 1 | 06/08/2019 | Reference material |